000 00595nam a2200205 a 4500
001 000006202
005 20200929151955.0
008 790925s1970 ve 001 0 spa
040 _aDO-SdBNP
_bspa
_cBNPHU
082 _aV861.44
_bI12p
100 1 _aIbáñez, Sara de,
_d1910-1971.
_917359
245 1 0 _aApcolipsis XX /
_cSara de Ibáñez.
260 _aVenezuela :
_bMonte Ávila,
_c1970.
300 _a89 p. ;
_c20 cm.
490 1 _aAltazor
650 4 _aPoesía venezolana
_94230
650 4 _aLiteratura venezolana
_93816
830 0 _aAltazor.
_98724
910 _aCatalogación original / LC
999 _c5997
_d5997